Europäische Geographie nach Buchstabe - B #1 - Statistiken

Allgemein
  • Dieses Quiz wurde 93 mal gespielt
    78 seit der letzten Aktualisierung
  • Das Durchschnittsergebnis liegt bei 14 aus 20
Antwortstatistiken
Beschreibung Antwort % Korrekt
München ist seine Hauptstadt Bayern
100%
Hauptstadt der EU Brüssel
97%
Eines der Benelux-Länder Belgien
96%
Hauptstadt der Schweiz Bern
94%
Hauptstadt von Westdeutschland Bonn
94%
Hauptstadt von Katalonien Barcelona
90%
Estland, Lettland und Litauen Baltikum
86%
Land, das manchmal die „letzte Diktatur Europas“ genannt wird Belarus
75%
Meerenge, die Europa und Asien bei Istanbul trennt Bosporus
74%
Größte Stadt an der Westküste Norwegens Bergen
71%
Weinregion im Südwesten Frankreichs Bordeaux
68%
Halbinsel des ehemaligen Jugoslawiens und Nachbarländer Balkan
65%
Größter See in Ungarn Balaton
63%
Nördliche spanische Stadt mit einem Guggenheim-Museum Bilbao
61%
Halbinsel im Nordwesten Frankreichs, eine der sechs „Keltischen Nationen“ Bretagne
61%
Historische Region in der Tschechischen Republik Böhmen
57%
Bucht westlich von Frankreich und nördlich von Spanien Biskaya
46%
Größte Insel Ostfrieslands Borkum
40%
Britische Stadt, die von den Römern „Aquae Sulis“ genannt wurde Bath
35%
Höchster Berg Großbritanniens Ben Nevis
35%
Keine übereinstimmenden Quizze gefunden
Verteilung der Resultate
Anzahl Personen mit jedem Resultat
Perzentil nach korrekt beantworteten Fragen
Ihre Resultats-Entwicklung
Sie haben dieses Quiz seit der letzten Aktualisierung nicht gespielt